00374nam a22001337a 450000500170000000800410001704100130005808200130007110000120008424500440009626000420014030000320018265000260021420240426100131.0240426b |||||||| |||| 00| 0 eng d aEnglish  a349 LAW  lEnglish aThe Law Reports: King's Bench Division  aLondon: bLincoln's Inn, c1920 Vol.1 bxxvi, 948 pages ; c25 cm.  aLegal practice bLaw